Sports et disciplines JO 2024 - Statistiques

Statistiques générales
  • Ce quiz a été pris 246 fois
  • Le résultat moyen est 29 sur 46
Statistiques - réponses
Par images Hint Réponse % Correct
Escrime
100%
Golf
99%
Tennis
99%
Tennis de table
98%
Sports aquatiques Natation
93%
Judo
92%
Escalade
91%
Handball
86%
Tir
85%
Volleyball
84%
Basketball
83%
Sports aquatiques Plongeon
83%
Badminton
80%
Boxe
80%
Skateboard
79%
Surf
79%
Voile
79%
Sports aquatiques Water polo
79%
Aviron
77%
Hockey
77%
Tir à l'arc
74%
Triathlon
74%
Volleyball plage
74%
Lutte
73%
Rugby
71%
Football
70%
Cyclisme VTT
67%
Athletisme
65%
Sports aquatiques Natation artistique
63%
Breaking
60%
Halterophilie
58%
Taekwondo
49%
BMX Freestyle
45%
Gymnastique Trampoline
45%
Sports equestres Dressage
42%
Cyclisme Piste
35%
Basketball 3x3
33%
Cyclisme Contre la montre
31%
Canoe Slalom
31%
Gymnastique Artistique
28%
Pentathlon
25%
Gymnastique Rythmique
25%
Canoe Sprint
17%
Sports equestres Concours
16%
Cyclisme Course en ligne
11%
BMX Racing
7%
Aucun quiz correspondant
Distribution des résultats
% des personnes avec chaque résultat
Percentile par nombre de réponses
Votre historique - résultats
Vous n’avez pas pris ce quiz